ARRUPE JESUIT UNIVERSITY

CORONAVIRUS -STOP THE SPREAD - CLEAN,DISINFECT,COVER

A report on certain work and experiments carried out on behalf of the rhodes trustees on the matopo and inyanga estates (Record no. 124105)

MARC details
000 -LEADER
fixed length control field 00501nam a22001337a 4500
008 - FIXED-LENGTH DATA ELEMENTS--GENERAL INFORMATION
fixed length control field 160209b xxu||||| |||| 00| 0 eng d
050 ## - LIBRARY OF CONGRESS CALL NUMBER
Classification number SPC S517.R5 M4
100 ## - MAIN ENTRY--PERSONAL NAME
Personal name McDonald, J. G.
9 (RLIN) 22083
245 ## - TITLE STATEMENT
Title A report on certain work and experiments carried out on behalf of the rhodes trustees on the matopo and inyanga estates
Statement of responsibility, etc J. G. McDonald
260 ## - PUBLICATION, DISTRIBUTION, ETC. (IMPRINT)
Place of publication, distribution, etc Bulawayo
Name of publisher, distributor, etc Argus Printing and Publishing Co. LTD.
Date of publication, distribution, etc 1914
300 ## - PHYSICAL DESCRIPTION
Extent 142p. ;
Dimensions 18cm.
650 ## - SUBJECT ADDED ENTRY--TOPICAL TERM
Topical term or geographic name as entry element Farming
Geographic subdivision Zimbabwe
9 (RLIN) 22084
942 ## - ADDED ENTRY ELEMENTS (KOHA)
Source of classification or shelving scheme Library of Congress Classification
Item type SPC
Holdings
Withdrawn status Lost status Source of classification or shelving scheme Damaged status Not for loan Collection code Home library Current library Shelving location Date acquired Total Checkouts Full call number Barcode Date last seen Price effective from Koha item type
    Library of Congress Classification     SPECIAL Collection ARRUPE LIBRARY ARRUPE LIBRARY Main Collection 09/02/2016   SPC S517.R5 M4 46500006183 09/02/2016 09/02/2016 SPC

 

Arrupe Library. PO Box MP320 Mt Pleasant, Harare, Zimbabwe
263 242 745411|librarian@aju.ac.zw